000 00542nam a22001577a 4500
003 NUST
038 _aNusrat Nadeem
082 _a200
100 _aUrooj, Tooba
_9130625
245 _aStructural Inequality and Survival: Understanding Spousal Violence among Marginalized House helps in Islamabad/
_cTooba Urooj,
264 _aIslamabad:
_bS3H NUST.
_c2025.
650 _aMS-Development Studies
_9123041
700 _aSupervisor: Dr. Usman Khan
_9112635
856 _u http://10.250.8.41:8080/xmlui/handle/123456789/54837
942 _2ddc
_cSC
999 _c614807
_d614807